000 00386nam a2200133Ia 4500
008 220217s9999||||xx |||||||||||||| ||und||
020 _a81-203-1131-0
082 _a005.131 BRA
100 _aBrassard, Gilles Bretley, Paul
_93083
245 0 _aFundamentals of algorithmics
260 _aPrentice hall of india
_bNew Delhi
_c2002
300 _b225
650 _aPROGRAMMING LANGUAGE
999 _c170798
_d170798